Hide Your 'J' Movies Quiz Stats

 Plays Quiz Updated Jul 9, 2019

Score 0/21 Timer 06:00
3 Plays Today
% Correct
Johnny English
(2003)
93.9%
Jackie
(2016)
93.4%
Jerry Maguire
(1996)
92.8%
Justice League
(2017)
92.8%
Jackass: The Movie
(2002)
90%
Jigsaw
(2017)
89.9%
Jarhead
(2005)
89.8%
Junior
(1994)
88.1%
Jupiter Ascending
(2015)
87.7%
Just Friends
(2005)
87%
Joe Versus
the Volcano
(1990)
84.9%
% Correct
Judge Dredd
(1995)
84.4%
Just Like Heaven
(2005)
83.9%
J. Edgar
(2011)
83.4%
Jurassic Park
(1993)
83.3%
Jay and Silent Bob
Strike Back
(2001)
82.7%
Jersey Girl
(2004)
79.2%
The Jackal
(1997)
76.4%
John Q
(2002)
75%
Jumper
(2008)
73.3%
Jeff, Who Lives
at Home
(2011)
58.6%

You're not logged in!

Compare scores with friends on all Sporcle quizzes.
OR
Log In

Sporcle TV

Today on Sporcle TV


Watch our educational content, quiz creation guides, and fun videos on Sporcle TV.

Show Comments

Extras

Top Quizzes Today


Score Distribution

Your Account Isn't Verified!

In order to create a playlist on Sporcle, you need to verify the email address you used during registration. Go to your Sporcle Settings to finish the process.

Report this User

Report this user for behavior that violates our Community Guidelines.

Details: